Els Mètodes en la ensenyansa superior : Missió a Paris : Memoria del primer semestre (juny-desembre 1908) : Programa de treballs pera un estudi de la Propedéutica Científica / Eugeni d'Ors Missió a Paris :
Publicado:
manuscrit :
1908
Descripción Física:
100 f. ; 22 x 27 cm
Materias:
Pedagogia
MARC
| LEADER | 00000nam a2200000Ia 4500 | ||
|---|---|---|---|
| 001 | |||
| 008 | 160829s1908 xx 000 0 cat d | ||
| 080 | |a 2283 | ||
| 100 | |a Ors, Eugeni d' |9 64786 | ||
| 245 | |a Els Mètodes en la ensenyansa superior : |b Missió a Paris : |b Memoria del primer semestre (juny-desembre 1908) : |b Programa de treballs pera un estudi de la Propedéutica Científica / Eugeni d'Ors | ||
| 260 | |a manuscrit, |c 1908 | ||
| 300 | |a 100 f. ; |c 22 x 27 cm | ||
| 590 | |a Exemplar manuscrit i signat per l'autor, 1908. | ||
| 650 | |a Pedagogia |9 35391 | ||
| 901 | |a Arxiu | ||
| 942 | |n 1 | ||
| 952 | |0 0 |1 0 |4 0 |6 2283 |7 1 |9 54301 |a Arxiu |b Arxiu |d 2016-12-01 |l 0 |o 2283 |r 2016-12-01 00:00:00 |w 2016-12-01 |y ARXIU | ||
| 999 | |c 58170 |d 58170 | ||